Biggest Cities in Slovakia - Statistics

General Stats
  • This quiz has been taken 35 times
  • The average score is 8 of 15
Answer Stats
Population City % Correct
437,725 Bratislava
100%
238,593 Košice
97%
88,464 Prešov
75%
76,533 Nitra
69%
65,033 Trnava
69%
80,727 Žilina
69%
78,084 Banská Bystrica
66%
51,235 Poprad
53%
55,383 Trenčín
50%
54,168 Martin
28%
42,167 Zvolen
25%
45,634 Prievidza
22%
37,512 Nové Zámky
19%
38,776 Michalovce
13%
39,271 Považská Bystrica
13%
No matching quizzes found
Score Distribution
Percent of People with Each Score
Percentile by Number Answered
Your Score History
You have not taken this quiz